| 000 | 00539nam a22002057a 4500 | ||
|---|---|---|---|
| 003 | OSt | ||
| 005 | 20140310182055.0 | ||
| 008 | 130108t xxu||||| |||| 00| 0 eng d | ||
| 020 | _a9711171023 | ||
| 050 |
_aBX 819.3 _b.T728 1989 |
||
| 082 |
_aHS 248 _bL56 1989 |
||
| 100 |
_aLe Tourneau, Dominique _912334 |
||
| 245 |
_aAll about Opus Dei / _c Dominique Le Tourneau. |
||
| 260 |
_aManila : _bSinag-Tala Publishers, _c1994. |
||
| 300 |
_a152 p. ; _c21 cm. |
||
| 562 | _e1 | ||
| 650 |
_aOpus Dei _912335 |
||
| 942 | _2lcc | ||
| 999 |
_c9071 _d9071 |
||